| 000 | 00909nac a22003017a 4500 | ||
|---|---|---|---|
| 001 | BR9801412 | ||
| 003 | BR-BrBNA | ||
| 005 | 20240105122050.0 | ||
| 008 | 230509b bl.|||m| |||| 00| 0 por d | ||
| 040 |
_aBR-BrBNA _bpor _cBiblioteca Nacional de Agricultura |
||
| 072 | _aH10 | ||
| 090 | _a1160 BR9801412 | ||
| 100 | 1 | _aCosta, J.N.M. | |
| 100 | 1 | _aTeixeira, C.A.D. | |
| 100 | 1 | _aAlves, P.M.P. | |
| 110 | 1 | _aCentro de Pesquisa Agroflorestal de Rondonia, Porto Velho (Brasil) | |
| 245 | 1 | _aPragas do cajueiro em Rondonia | |
| 260 | 3 |
_aRondonia, RO (Brasil): _c1996. |
|
| 300 | _a10 p. | ||
| 490 |
_aCircular Tecnica - Centro de Pesquisa Agroflorestal de Rondonia (Brazil) _vno. 25 _xISSN 0103-9334 |
||
| 500 | _a6 ref. | ||
| 650 | _aCaju | ||
| 650 | _aInseto | ||
| 650 | _aControle Quimico | ||
| 650 | _aRondonia | ||
| 909 |
_a202312 _bLúcia Elande _c55 _dLúcia Elande |
||
| 942 |
_2AGRIS _n0 _cMS |
||
| 999 |
_c289009 _d289009 |
||